000 00219 a2200097 4500
001 48573
100 _aGalbraith, J.K
245 _aThe affluent society
260 _aBoston
_bHoughton Mifflin
_c
090 _c31503
_d31503
942 _aNUST-CAE
_cM
_c23896
999 _c283646
_d283646